书目信息 |
| 题名: |
工业聚合物手册
|
|
| 作者: | 威尔克斯, , 威尔克斯 编 ;傅志峰 译 | |
| 分册: | ||
| 出版信息: | 北京 化学工业出版社 2006 |
|
| 页数: | 1040页 | |
| 开本: | 27cm | |
| 丛书名: | ||
| 单 册: | ||
| 中图分类: | TQ317-62 | |
| 科图分类: | ||
| 主题词: | 高聚物--Gao Ju Wu--产品--手册 | |
| 电子资源: | ||
| ISBN: | 7-5025-7484-0 | |
| 000 | 01006nam0 2200289 450 | |
| 001 | CAL 012005136031 | |
| 005 | 20061122111434.84 | |
| 010 | @a7-5025-7484-0@b精装@dCNY 180.00 | |
| 099 | @aCAL 012005136031 | |
| 100 | @a20051128d2006 ekmy0chiy0121 ea | |
| 101 | 1 | @achi@ceng |
| 102 | @aCN@b110000 | |
| 200 | 1 | @a工业聚合物手册@AGong Ye Ju He Wu Shou Ce@f(美)威尔克斯编@F(mei)wei er ke si bian@g傅志峰等译 |
| 210 | @a北京@c化学工业出版社@d2006 | |
| 215 | @a1040页@c图@d27cm | |
| 300 | @a国外优秀科技著作出版专项基金资助 | |
| 306 | @a本书中文简体字版由Wiley-vch verlag gmbh出版公司授权化学工业出版社独家出版发行 | |
| 312 | @a并列题名取自封面 | |
| 320 | @a有书目和索引 | |
| 510 | 1 | @aIndustrial polymers handbook@zeng |
| 606 | 0 | @a高聚物@AGao Ju Wu@x产品@j手册 |
| 690 | @aTQ317-62@v4 | |
| 701 | 1 | @a威尔克斯,@AWei Er Ke Si@bE. S.@g(Wilks, Edward S.)@4编 |
| 701 | 0 | @a威尔克斯@Awei er ke si@4编 |
| 702 | 0 | @a傅志峰@AFu Zhi Feng@4译 |
| 801 | @aCN@c20061122 | |
| 905 | @a10447@dTQ317-62@eW496 | |
| 工业聚合物手册/(美)威尔克斯编/傅志峰等译.-北京:化学工业出版社,2006 |
| 1040页:图;27cm |
| 国外优秀科技著作出版专项基金资助 |
| ISBN 7-5025-7484-0(精装):CNY 180.00 |
| ● |
| 相关链接 |
|
|
|
正题名:工业聚合物手册
索取号:TQ317-62/W496
 
预约/预借
| 序号 | 登录号 | 条形码 | 馆藏地/架位号 | 状态 | 备注 |
| 1 | 615877 | 206158771 | 自科库501/501自科库 140排4列3层/ [索取号:TQ317-62/W496] | 在馆 |